[Event "URS Spartakiad"]
[Site "URS"]
[Date "1979.??.??"]
[Round "?"]
[White "Tseitlin, Mikhail S"]
[Black "Egin, Vladimir"]
[Result "1-0"]
[WhiteElo "2505"]
[BlackElo "2200"]

1.d4 Nf6 2.Bg5 Ne4 3.Bh4 c5 4.f3 g5 5.fxe4 gxh4 6.e3 Nc6 7.Nc3 e6 8.Qh5 cxd4
9.exd4 Qf6 10.e5 Qg6 11.Qxg6 hxg6 12.Nf3 d5 13.Bb5 Bd7 14.O-O Be7 15.Bxc6 Bxc6
16.Nd1 Bb5 17.Rf2 O-O 18.Ne3 f5 19.exf6 Rxf6 20.Re1 Re8 21.h3 Rf4 22.Ng4 Bd8
23.Re3 Kg7 24.Rb3 Bc6 25.Re3 Bb5 26.Rd2 Bb6 27.c3 Bd8 28.Rd1 Ref8 29.Rde1 Bd7
30.Nge5 Bb5 31.a4 Bxa4 32.Nd3 Bd7 33.Nxf4 Rxf4 34.Ne5 Bb5 35.Rf3 Rf5 36.Kf2 Bc7
37.Re3 Ba4 38.Rxf5 exf5 39.Nd3 Bg3+ 40.Ke2 Kf6 41.Nb4 Bb3 42.Re8 Bc4+ 43.Nd3 Bb5
44.Ra8 a6 45.Ra7 g5  1-0

[Event "URS Spartakiad"]
[Site "URS"]
[Date "1979.??.??"]
[Round "?"]
[White "Korzubov, Peter"]
[Black "Levit, Roman"]
[Result "1-0"]
[WhiteElo "2200"]
[BlackElo "2200"]

1.d4 Nf6 2.Bg5 Ne4 3.Bh4 c5 4.f3 g5 5.fxe4 gxh4 6.e3 Nc6 7.Nc3 Bh6 8.d5 Ne5
9.Qh5 Bg7 10.Nf3 d6 11.Bb5+ Bd7 12.O-O Bxb5 13.Nxe5 O-O 14.Nxf7 Qe8 15.Nxb5 Rxf7
16.Rxf7 Qxf7 17.Qxh4 Bxb2 18.Rf1 Qg7 19.Rf3 Kh8 20.Qf2 Be5 21.Nc7 Rg8 22.Ne6 Qg4
23.Nf4 b5 24.h3 Qg5 25.Ne6 Qg6 26.Rf5 b4 27.Rg5 Qf6 28.Rf5 Qg6 29.g4 Qh6
30.Qf3 c4 31.Kf1 a5 32.g5 Qg6 33.Nf8 Qe8 34.Rf7 Rxg5 35.Nxh7 Qg8 36.Nxg5 Qxg5
37.Rf8+ Kh7 38.Qf5+ Qxf5+ 39.exf5 a4 40.Rb8 Bc3 41.Rc8 b3 42.cxb3 cxb3 43.axb3  1-0

[Event "URS Spartakiad"]
[Site "URS"]
[Date "1979.??.??"]
[Round "?"]
[White "Vaganian, Rafael A"]
[Black "Slutzky, Leonid"]
[Result "1/2-1/2"]
[WhiteElo "2570"]
[BlackElo "2265"]

1.d4 Nf6 2.Bg5 Ne4 3.Bh4 c5 4.f3 Nf6 5.d5 d6 6.e4 g6 7.Nc3 Bg7 8.f4 O-O 9.Nf3 Qb6
10.Rb1 e6 11.Nd2 exd5 12.Bxf6 Bxf6 13.Nxd5 Qd8 14.Bc4 Be6 15.O-O Nc6 16.c3 Bg7
17.Rf2 Rb8 18.Qf1 Ne7 19.Qd3 Kh8 20.f5 Bxd5 21.Bxd5 Nxd5 22.Qxd5 Qe7 23.f6 Bxf6
24.Rbf1 Bg5 25.Nc4 b5 26.Rxf7 bxc4 27.Rxf8+ Rxf8 28.Rxf8+ Qxf8 29.Qxg5 Kg7
30.g3 h6 31.Qg4 Qe7 32.Kf2 Qb7 33.Qe2 Qf7+ 34.Ke3 Qe6 35.Qd1 Kf6 36.Qf3+ Kg7
37.Qf4 Qe7 38.b3 cxb3 39.axb3 Qe6 40.c4 Qf6  1/2-1/2

[Event "URS Spartakiad"]
[Site "URS"]
[Date "1979.??.??"]
[Round "?"]
[White "Zvorykina, Kira"]
[Black "Mkrychian, Alla"]
[Result "0-1"]
[WhiteElo "2000"]
[BlackElo "2230"]

1.d4 Nf6 2.Bg5 Ne4 3.Bh4 c6 4.Nd2 d5 5.Nxe4 dxe4 6.c3 h6 7.e3 Bf5 8.Qb3 Qc8
9.h3 e6 10.g4 Bh7 11.Ne2 Bd6 12.Bg3 Be7 13.c4 Nd7 14.Nc3 a6 15.c5 Bd8 16.Bg2 Nf6
17.O-O Bc7 18.Bxc7 Qxc7 19.Qc2 O-O 20.Nxe4 Nxe4 21.Bxe4 Bxe4 22.Qxe4 Rae8
23.Rad1 f5 24.Qe5 Qd8 25.f3 Qh4 26.Rd2 fxg4 27.Rg2 Rf5 28.Qe4 Qxh3 29.Rxg4 Qh5
30.Rf2 Re7 31.Rh2 Qf7 32.Rxh6 Rxf3 33.Rhg6 Rf1+ 34.Kh2 Qf5 35.Qxf5 exf5 36.Rf4 Rxf4
37.exf4 Re2+ 38.Rg2 Re4 39.Kg3 Rxd4 40.Rc2 Kf7 41.Kf3 Rd3+ 42.Kf2 Kf6 43.Ke2 Rh3
44.Rc4  0-1

[Event "Warszawa Cup5-A"]
[Site "Warsaw"]
[Date "1979.??.??"]
[Round "8"]
[White "Marszalek, Rafal"]
[Black "Kuligowski, Adam"]
[Result "1/2-1/2"]
[WhiteElo "2340"]
[BlackElo "2495"]

1.d4 Nf6 2.Bg5 Ne4 3.Bh4 c5 4.f3 g5 5.fxe4 gxh4 6.e3 Bh6 7.Kf2 cxd4 8.exd4 Qb6
9.Nc3 e6 10.Nf3 Nc6 11.Nb5 Ke7 12.c4 d6 13.b4 Nxb4 14.Qa4 a6 15.Qxb4 axb5
16.e5 Ra4 17.exd6+ Qxd6 18.Qxd6+ Kxd6 19.c5+ Kc6 20.Bd3 Bg7 21.Rhb1 Rxd4
22.Bxb5+ Kxc5 23.a4 Rf4 24.Ra2 Bd4+ 25.Ke2 e5 26.h3 Rg8 27.Rc1+ Kd6 28.Ke1 Bxh3
29.Nxd4 exd4 30.gxh3 Rg1+ 31.Kd2 Rf2+ 32.Be2 Rxe2+ 33.Kxe2 Rg2+ 34.Kd3 Rxa2
35.Rc4 Ra3+ 36.Kxd4 Rxh3 37.Rb4 Ra3 38.Rb6+ Kc7 39.Rf6 Rxa4+ 40.Kc5 Rg4 41.Rxf7+ Kb8
42.Rxh7 Ka7 43.Kb5 Rg5+  1/2-1/2

[Event "Hillerod op"]
[Site "Hillerod"]
[Date "1980.??.??"]
[Round "?"]
[White "Emborg, J."]
[Black "Jensen, G."]
[Result "1-0"]
[WhiteElo "2200"]
[BlackElo "2200"]

1.d4 Nf6 2.Bg5 Ne4 3.Bh4 b6 4.Nd2 Nd6 5.e4 g6 6.Bd3 Bb7 7.Ngf3 Bh6 8.O-O O-O
9.Re1 f6 10.Bg3 Nf7 11.Bc4 e6 12.a3 d6 13.Bxe6 Qe7 14.Ba2 g5 15.c3 Nd7 16.Qc2 Kh8
17.Nc4 Rg8 18.Nfd2 a5 19.Ne3 Rae8 20.Nf5 Qf8 21.Bxf7 Qxf7 22.Nxh6 Qg6 23.Nxg8 d5
24.Nxf6 Nxf6 25.Be5 Kg7 26.Bxf6+ Qxf6 27.e5 Qf4 28.Re3 g4 29.g3 Qh6 30.Qf5 Re6
31.Qxg4+ Rg6 32.Qd7+ Kh8 33.Qd8+ Rg8 34.Qf6+ Qxf6 35.exf6  1-0

[Event "Caorle op"]
[Site "Caorle"]
[Date "1981.??.??"]
[Round "6"]
[White "Kvist, A."]
[Black "Tirabassi, Maurizio"]
[Result "1/2-1/2"]
[WhiteElo "2200"]
[BlackElo "2085"]

1.d4 Nf6 2.Bg5 Ne4 3.Bf4 d5 4.e3 e6 5.Bd3 Bd6 6.Bg3 f5 7.Qh5+ g6 8.Qe2 Qe7
9.c3 Nd7 10.Nf3 e5 11.dxe5 Nxe5 12.Nxe5 Bxe5 13.Bxe5 Qxe5 14.Nd2 Bd7 15.f4 Qe7
16.Nxe4 dxe4 17.Bc4 O-O-O 18.O-O-O Be6 19.Rxd8+ Rxd8 20.Rd1 Rxd1+ 21.Kxd1 Qf7
22.Bxe6+ Qxe6 23.b3 Qd5+ 24.Qd2 Qxd2+ 25.Kxd2 Kd7 26.c4  1/2-1/2

[Event "Politiken Cup"]
[Site "Copenhagen"]
[Date "1981.??.??"]
[Round "8"]
[White "Wicker, Kevin J"]
[Black "Nykopp, Jan Michael F"]
[Result "1-0"]
[WhiteElo "2305"]
[BlackElo "2260"]

1.d4 Nf6 2.Bg5 Ne4 3.Bf4 d5 4.Nd2 Bf5 5.e3 e6 6.Ne2 Bd6 7.Ng3 Bxf4 8.exf4 Qd6
9.Nxf5 exf5 10.f3 Nf6 11.Qe2+ Kd8 12.O-O-O Qxf4 13.Qe5 Qxe5 14.dxe5 Nfd7
15.Nb3 c6 16.c4 dxc4 17.Bxc4 Ke7 18.Rhe1 b5 19.e6 Ne5 20.Bf1 f6 21.f4 Ng4
22.Nd4 g6 23.Nxc6+ Nxc6 24.Rd7+ Kf8 25.Rf7+ Kg8 26.Rc7 Nd4 27.Rd7 Rc8+ 28.Kb1 Nc2
29.Rc1 Nge3 30.Bxb5 Re8 31.Ba4 h5 32.Rxa7 Rb8 33.Bxc2 Nxc2 34.Rxc2 Rh7 35.Rxh7 Kxh7
36.Rc7+ Kh6 37.Rf7 h4 38.Rxf6 Re8 39.g3 h3 40.a4 Kg7 41.Rf7+ Kg8 42.Rc7 Rxe6
43.a5 Kf8 44.b4 Ke8 45.b5 Kd8 46.b6 Re4 47.Rc2 Re1+ 48.Kb2 Re7 49.a6 Re6
50.b7 Rb6+ 51.Kc1  1-0

[Event "Moscow-ch"]
[Site "Moscow"]
[Date "1981.??.??"]
[Round "4"]
[White "Makarichev, Sergey"]
[Black "Bronstein, David I"]
[Result "1/2-1/2"]
[WhiteElo "2535"]
[BlackElo "2490"]

1.d4 Nf6 2.Bg5 Ne4 3.Bh4 d5 4.Nd2 Bf5 5.Nxe4 Bxe4 6.c3 c6 7.f3 Bg6 8.Nh3 Nd7
9.Qd2 Nf6 10.e3 e6 11.Bd3 Be7 12.Nf4 Nd7 13.Bxe7 Qxe7 14.O-O-O  1/2-1/2

[Event "Viking"]
[Site "Oslo"]
[Date "1981.??.??"]
[Round "3"]
[White "Johnsen, Gunnar"]
[Black "Orseth, Dag S"]
[Result "0-1"]
[WhiteElo "2260"]
[BlackElo "2290"]

1.d4 Nf6 2.Bg5 Ne4 3.Bh4 c5 4.f3 g5 5.fxe4 gxh4 6.e3 Bh6 7.Kf2 Qb6 8.Nc3 Qxb2
9.Nd5 cxd4 10.exd4 Kd8 11.Nf3 Nc6 12.Rb1 Qxa2 13.Bb5 e6 14.Bxc6 bxc6 15.Ra1 Qb2
16.Ne5 cxd5 17.Nxf7+ Ke7 18.Nxh8 Bg7 19.e5 Bxh8 20.Qd2 Bxe5 21.dxe5 Qxe5
22.Qb4+ Ke8 23.Rhf1 h3 24.Kg1 Qg7 25.g3 Rb8 26.Qxb8 Qd4+ 27.Rf2 Qxa1+ 28.Rf1 Qd4+
29.Rf2 Qd1+ 30.Rf1 Qxc2 31.Rf2 Qc1+ 32.Rf1 Qc5+ 33.Rf2 Kd8 34.Qb1 Ba6 35.Qb8+ Bc8
36.Qb1 h6 37.Qb2 d4 38.Rc2 Qb6 39.Qa3 d3+ 40.Rf2 Qb1+ 41.Rf1  0-1

[Event "Tallinn"]
[Site "Tallinn"]
[Date "1981.??.??"]
[Round "2"]
[White "Nei, Iivo"]
[Black "Gufeld, Eduard"]
[Result "1/2-1/2"]
[WhiteElo "2495"]
[BlackElo "2515"]

1.d4 Nf6 2.Bg5 Ne4 3.Bf4 d5 4.Nd2 Bf5 5.e3 e6 6.Ngf3 Bd6 7.Bxd6 Qxd6 8.c3 O-O
9.Be2 c5 10.O-O Nc6 11.Nxe4 Bxe4 12.Bd3 Bxd3 13.Qxd3  1/2-1/2

[Event "Tallinn"]
[Site "Tallinn"]
[Date "1981.??.??"]
[Round "9"]
[White "Nei, Iivo"]
[Black "Hazai, Laszlo"]
[Result "1/2-1/2"]
[WhiteElo "2495"]
[BlackElo "2450"]

1.d4 Nf6 2.Bg5 Ne4 3.Bf4 d5 4.e3 Bf5 5.Bd3 e6 6.f3 Nd6 7.Nc3 c6 8.Nge2 Nd7
9.O-O Bg6 10.b3 c5  1/2-1/2

[Event "Tuzla"]
[Site "Tuzla"]
[Date "1981.??.??"]
[Round "12"]
[White "Kovacevic, Vlatko"]
[Black "Robatsch, Karl"]
[Result "1/2-1/2"]
[WhiteElo "2485"]
[BlackElo "2425"]

1.d4 Nf6 2.Bg5 Ne4 3.Bf4 c5 4.f3 Nf6 5.dxc5 Qa5+ 6.Nc3 e6 7.Bd6 Nd5 8.e4 Nxc3
9.Qd2 Nc6 10.Qxc3 Qxc3+ 11.bxc3 b6 12.Bxf8 Rxf8 13.cxb6 axb6 14.Bd3 Ba6 15.Ne2 Ne5
16.Kd2 Nc4+ 17.Bxc4 Bxc4 18.Rhb1 Bxe2 19.Kxe2 Ra6 20.c4 Ke7 21.a4 Rfa8 22.Rb4 Kd6
23.Kd3 Kc6 24.Kc3 Ra5 25.Kb3 d6 26.Rb5 g5 27.Kb4 h6 28.Ra3 R8a7 29.g3 Ra8
30.f4 f6 31.f5 e5 32.Rxa5 Rxa5 33.g4 Ra8 34.Rh3 Rh8 35.Rh5 Rh7 36.h4 gxh4
37.Rxh4 Rh8 38.Rh1 Rh7 39.Kc3 Kc5 40.Kd3 Rh8 41.Ke3 Kxc4 42.Rd1 Kc5 43.Rd5+ Kc6
44.a5 bxa5 45.Rxa5 h5 46.gxh5 Kb6 47.Ra1 Rxh5 48.Ra8 Rh3+ 49.Kd2 Kc5 50.c3 Rh2+
51.Kd3 Rh3+  1/2-1/2

[Event "Politiken Cup"]
[Site "Copenhagen"]
[Date "1982.??.??"]
[Round "1"]
[White "Jensen, Allan"]
[Black "Brinck Claussen, Bjorn"]
[Result "1-0"]
[WhiteElo "2245"]
[BlackElo "2380"]

1.d4 Nf6 2.Bg5 Ne4 3.Bf4 d5 4.f3 Nf6 5.e4 e6 6.Nc3 Bb4 7.Qd3 c5 8.Bxb8 Rxb8
9.dxc5 O-O 10.O-O-O Qa5 11.Nge2 dxe4 12.fxe4 Qxc5 13.Qg3 Nd7 14.a3 Bxc3 15.Nxc3 Qe5
16.Qe3 a6 17.Be2 b5 18.Rd4 Nb6 19.h4 Bb7 20.Rh3 Bc6 21.g4 a5 22.g5 Nd7 23.Qd2 b4
24.Na2 Nc5 25.axb4 axb4 26.Nxb4 Bxe4 27.Re3 Ra8 28.Kb1 Qh2 29.Qc3 Rfc8 30.Qe1 Bf5
31.Rc3 Ra5 32.Nc6 Qc7 33.Nxa5 Qxa5 34.b4 Qa4 35.Qd2  1-0

[Event "Hastings8283"]
[Site "Hastings"]
[Date "1982.??.??"]
[Round "?"]
[White "Kovacevic, Vlatko"]
[Black "Ftacnik, Lubomir"]
[Result "1/2-1/2"]
[WhiteElo "2560"]
[BlackElo "2535"]

1.d4 Nf6 2.Bg5 Ne4 3.Bf4 c5 4.f3 Nf6 5.dxc5 Qa5+ 6.Nc3 e6 7.Bd6 Nd5 8.e4 Nxc3
9.Qd2 b6 10.Bxf8 Rxf8 11.cxb6 axb6 12.Qxc3 Qxc3+ 13.bxc3 Ba6 14.Bd3 Nc6 15.Ne2 Ne5
16.Kd2 Nc4+ 17.Bxc4 Bxc4 18.Rhb1 Bxe2 19.Kxe2 Ra6 20.c4 Ke7 21.a4 Rfa8 22.Rb4 Kd6
23.Kd3 Kc6 24.Kc3 Ra5 25.Kb3 g5 26.Rb5 f6 27.Kb4 h6 28.Ra3 R8a7 29.g3 Ra8
30.f4 R8a7 31.f5 h5 32.Rxa5 Rxa5 33.Rf3 e5 34.Rd3 d6 35.Rd5 Ra8 36.h3 Ra7
37.Ka3 Ra5 38.Kb3 Ra8 39.Rb5 Ra7  1/2-1/2

[Event "Reykjavik op"]
[Site "Reykjavik"]
[Date "1982.??.??"]
[Round "?"]
[White "Sahovic, Dragutin"]
[Black "Wedberg, Tom"]
[Result "0-1"]
[WhiteElo "2450"]
[BlackElo "2435"]

1.d4 Nf6 2.Bg5 Ne4 3.Bf4 d5 4.Nd2 Bf5 5.f3 Nxd2 6.Qxd2 c5 7.O-O-O Nd7 8.dxc5 e5
9.Bg5 Qc7 10.Qxd5 Bxc5 11.e4 Be6 12.Qd3 O-O 13.Ne2 Rfc8 14.Nc3 Qa5 15.Kb1 Bd4
16.Nd5 Bxd5 17.exd5 Bxb2 18.Qb5 Bc3 19.Qxa5 Bxa5 20.g3 Nb6 21.Bh3 Rc5 22.d6 Na4
23.Bd2 Bc3 24.Kc1 Bb2+ 25.Kb1 Bd4 26.c4 Nb6 27.d7 Rd8 28.Bb4 Rxc4 29.Be7 Rxd7
30.Bxd7 Nxd7 31.Ba3 Ra4 32.Bb2 Rb4 33.Rd2 Nc5 34.Rc2 h5 35.a3 Rb6 36.Ka2 Ne6
37.Bxd4 Nxd4 38.Rb2 Rxb2+ 39.Kxb2 Nxf3 40.Rc1 Nxh2 41.Rc8+ Kh7 42.Rc7 f5
43.Rxb7 Nf1 44.Rxa7 Nxg3 45.a4 h4 46.Rb7 h3 47.Kc2 h2 48.Rb1 f4  0-1

[Event "Reykjavik op"]
[Site "Reykjavik"]
[Date "1982.??.??"]
[Round "?"]
[White "Sahovic, Dragutin"]
[Black "Olafsson, Helgi"]
[Result "1-0"]
[WhiteElo "2450"]
[BlackElo "2430"]

1.d4 Nf6 2.Bg5 Ne4 3.Bf4 c5 4.f3 Qa5+ 5.c3 Nf6 6.d5 e6 7.e4 exd5 8.e5 Ng8
9.Qxd5 Ne7 10.Qe4 f5 11.exf6 d5 12.Qe5 gxf6 13.Qh5+ Kd8 14.Na3 Bd7 15.O-O-O Nbc6
16.Nh3 d4 17.cxd4 Rc8 18.dxc5 Nd4 19.Bc4 Rxc5 20.Qf7 Nec6 21.Qxf6+ Kc8 22.Qxh8 Rxc4+
23.Nxc4 Qc5 24.b3 Bxh3 25.gxh3 Ne2+ 26.Kb2 Nxf4 27.Nd6+ Kc7 28.Qxf8 Qf2+
29.Kb1  1-0

[Event "Albena"]
[Site "Albena"]
[Date "1983.??.??"]
[Round "?"]
[White "Ermenkov, Evgenij"]
[Black "Stoica, Valentin"]
[Result "1/2-1/2"]
[WhiteElo "2425"]
[BlackElo "2440"]

1.d4 Nf6 2.Bg5 Ne4 3.Bf4 c5 4.f3 Nf6 5.dxc5 Qa5+ 6.Nc3 Qxc5 7.e4 d6 8.Qd2 g6
9.O-O-O Nbd7 10.g4 Bg7 11.h4 h6 12.Nge2 Ne5 13.Nd4 Be6 14.Be3 Qa5 15.Kb1 Nxf3
16.Qg2 Nxd4 17.Bxd4 O-O-O 18.Rh3 Kb8 19.Nd5 Nxd5 20.Ra3 Nc3+ 21.Bxc3 Qxa3
22.bxa3 Bxc3 23.Bb5 Rc8 24.Ba4 Be5  1/2-1/2

[Event "Bor"]
[Site "Bor"]
[Date "1983.??.??"]
[Round "10"]
[White "Sahovic, Dragutin"]
[Black "Marjanovic, Slavoljub"]
[Result "0-1"]
[WhiteElo "2475"]
[BlackElo "2465"]

1.d4 Nf6 2.Bg5 Ne4 3.Bf4 c5 4.f3 Qa5+ 5.c3 Nf6 6.d5 d6 7.e4 g6 8.Na3 Bg7
9.Nc4 Qd8 10.a4 O-O 11.Qd2 Re8 12.Ne2 Nbd7 13.g4 Nb6 14.Ng3 Nfd7 15.Nxb6 Qxb6
16.Be2 Ne5 17.Be3 Qc7 18.O-O b6 19.h3 c4 20.Bd4 f6 21.f4 Nf7 22.h4 Bd7 23.g5 Rf8
24.Rf2 Rac8 25.Kg2 fxg5 26.Bxg7 Kxg7 27.hxg5 Qc5 28.Bf3 Rh8 29.Re1 h6 30.e5 dxe5
31.fxe5 Nxg5 32.e6 Bxa4 33.Ne4 Nxe4 34.Rxe4 Rcf8 35.b4 Qd6 36.Qd4+ Rf6 37.Rg4 h5
38.Re4 Kh7 39.Qxc4 Rhf8 40.Qd3 b5 41.Rh4 Rf5 42.Rh3 Bb3  0-1

[Event "Elekes mem-A"]
[Site "Budapest"]
[Date "1983.??.??"]
[Round "?"]
[White "Knezevic, Milorad"]
[Black "Navarovszky, Laszlo"]
[Result "1/2-1/2"]
[WhiteElo "2435"]
[BlackElo "2355"]

1.d4 Nf6 2.Bg5 Ne4 3.Bc1 Nf6 4.c4 g6 5.Nc3 d5 6.e3 Bg7 7.Qb3 c6 8.Nf3 O-O
9.Bd2 e6 10.Qc2 b6 11.Be2 Bb7 12.O-O Nbd7 13.cxd5 exd5 14.b4  1/2-1/2

[Event "Elekes mem-B"]
[Site "Budapest"]
[Date "1983.??.??"]
[Round "?"]
[White "Puschmann, Laszlo"]
[Black "Honfi, Karoly"]
[Result "0-1"]
[WhiteElo "2270"]
[BlackElo "2395"]

1.d4 Nf6 2.Bg5 Ne4 3.Bf4 c5 4.f3 Qa5+ 5.c3 Nf6 6.d5 Nh5 7.Bd2 e5 8.e4 d6
9.Na3 Qd8 10.g3 g6 11.Ne2 Be7 12.Bh6 Bg5 13.Bxg5 Qxg5 14.Bg2 O-O 15.h4 Qe7
16.Qd2 Nd7 17.g4 Ng7 18.Ng3 f6 19.O-O-O a6 20.Rdg1 b5 21.c4 Nb6 22.Bf1 Bd7
23.g5 fxg5 24.h5 Rxf3 25.hxg6 hxg6 26.Rh6 Qf6 27.Be2 Rf2 28.b3 bxc4 29.bxc4 Be8
30.Rgh1 Qf4 31.Rh8+ Kf7 32.Rg1 Rb8 33.Rhh1 Na4 34.Rf1 Qxd2+ 35.Kxd2 Rb2+
36.Nc2 Rxf1 37.Rxf1+ Ke7 38.a3 Rb3 39.Rg1 Bd7 40.Nf1 Nc3 41.Bd3 Nb1+ 42.Ke3 Nxa3
43.Nxa3 Rxa3 44.Rxg5 Nh5 45.Kd2 Kf6 46.Rg1 Nf4 47.Bc2 Ra1  0-1

[Event "Sarajevo"]
[Site "Sarajevo"]
[Date "1983.??.??"]
[Round "?"]
[White "Kovacevic, Vlatko"]
[Black "Smejkal, Jan"]
[Result "1/2-1/2"]
[WhiteElo "2555"]
[BlackElo "2560"]

1.d4 Nf6 2.Bg5 Ne4 3.Bf4 d5 4.f3 Nf6 5.Nc3 e6 6.e4 Bb4 7.Bd3 c5 8.dxc5 Nc6
9.Bd6 Qa5 10.Ne2 dxe4 11.Bxe4 Nxe4 12.fxe4 Bxc5 13.Nf4 Bd7 14.Qd2 Bxd6 15.Qxd6 Rd8
16.Nd3 Bc8 17.Qg3 O-O 18.O-O Nb4 19.Rf2 Nxd3 20.cxd3 b5 21.e5 Bb7 22.Ne2 b4
23.Raf1 Ba6 24.Nc1 Rd7 25.Nb3 Qb6 26.Rd1 Rc8 27.h4 h6 28.d4 Bc4 29.Rc1 Rcc7
30.Qf4 Bxb3 31.Rxc7 Qxc7 32.axb3 Qc6 33.Qe3 Qd5 34.Rf4 Rc7 35.Rg4 Kf8 36.Qd3 h5
37.Rf4 Kg8 38.Kh2 a5 39.Rf1 Rd7 40.Rd1 Rc7 41.Ra1 Rc8 42.Kg3 Rd8 43.Rd1 Qc6
44.Qe2 g6 45.Kf4 Rc8 46.Kg5 Qd5 47.Qf3 Qxf3 48.gxf3 Kg7 49.d5 exd5 50.Rxd5 Rc2
51.Rxa5 Rxb2 52.Ra7 Rxb3 53.Kf4 Kf8 54.Rb7 Rb1 55.Kg5 Rb3 56.e6 fxe6 57.f4 Rg3+
58.Kf6 Kg8  1/2-1/2

[Event "NOR-ch"]
[Site "Trondheim"]
[Date "1983.??.??"]
[Round "5"]
[White "Ulrichsen, Jarl Henning"]
[Black "Sande, Oystein"]
[Result "1-0"]
[WhiteElo "2290"]
[BlackElo "2285"]

1.d4 Nf6 2.Bg5 Ne4 3.Bh4 c5 4.Qd3 Qb6 5.b3 Qh6 6.e3 Qxh4 7.g3 Nxf2 8.Kxf2 Qf6+
9.Nf3 d5 10.Nc3 e6 11.Bg2 cxd4 12.exd4 Be7 13.Rhf1 Nc6 14.Kg1 O-O 15.Ne2 b6
16.Rae1 Nb4 17.Qd2 Qh6 18.Nf4 Ba6 19.Rf2 Rac8 20.c3 Nc6 21.h4 Bf6 22.Nh2 Bxh4
23.gxh4 Qxh4 24.Re3 Qg5 25.Rh3 Qe7 26.Qe3 Rc7 27.Ng4 Bc8 28.Qg3 f5 29.Nh6+ Kh8
30.Ng6+  1-0

[Event "Kragujevac"]
[Site "Kragujevac"]
[Date "1984.??.??"]
[Round "11"]
[White "Trifunovic, Miroljub"]
[Black "Lazic, Dragoljub"]
[Result "1/2-1/2"]
[WhiteElo "2330"]
[BlackElo "2320"]

1.d4 Nf6 2.Bg5 Ne4 3.Bf4 d5 4.Nd2 c5 5.Nxe4 dxe4 6.dxc5 Qa5+ 7.c3 Qxc5 8.Bxb8 Rxb8
9.Qa4+ Bd7 10.Qxe4 Qb6 11.O-O-O Qxf2 12.Nf3 Qc5 13.Ne5 Be6 14.e3 g6 15.Nd3 Qa5
16.Nf4 Bf5 17.Qc4 Bh6 18.Rd5 Qb6 19.Qb5+ Qxb5 20.Bxb5+ Kf8 21.Rhd1 Kg7 22.Nh5+ gxh5
23.Rxf5 Bxe3+ 24.Kc2 e6 25.Rxh5 Rhd8 26.Bd3 h6 27.Re1 Bg5 28.h4 Bf6 29.Re3 Rh8
30.Rg3+ Kf8 31.Rf3 Ke7 32.Rc5 Rbc8 33.Rb5 b6 34.g3 Rhd8 35.a4 Bg7 36.a5 Rc6
37.Rb4 Rd4 38.Rb3 Rg4 39.Ra3 Be5 40.axb6 axb6 41.Bb5 Rc5 42.c4 Rg8 43.Rae3 f6
44.Rd3 Rc7 45.Ra3  1/2-1/2

[Event "White Knights"]
[Site "Leningrad"]
[Date "1984.??.??"]
[Round "?"]
[White "Vyzmanavin, Alexey"]
[Black "Kochyev, Alexander"]
[Result "1/2-1/2"]
[WhiteElo "2470"]
[BlackElo "2455"]

1.d4 Nf6 2.Bg5 Ne4 3.Bf4 c5 4.d5 Qb6 5.Bc1 e6 6.f3 Nf6 7.e4 d6 8.Ne2 exd5
9.exd5 Be7 10.Nec3 O-O 11.Nd2 Qd8 12.Nc4 Na6 13.Be2 Rb8 14.a4 Nc7 15.O-O b6
16.f4 Re8 17.Bf3 Ba6 18.b3 Nd7 19.Qd3 Bf6 20.Bd2 Bxc4 21.Qxc4 a6 22.Qd3 b5
23.axb5 axb5 24.Rae1 Rxe1 25.Rxe1 b4 26.Ne2 Nb5 27.Be3 Nc3 28.Bf2 Ra8 29.g3 Nxe2+
30.Rxe2 Bc3 31.Kg2 Nf6 32.g4 Qd7 33.g5 Ne8 34.h3 Nc7 35.Bg4 Qb5 36.Qc4 Kf8
37.Qxb5 Nxb5 38.Bd7 Nd4 39.Bxd4 Bxd4 40.Bc6 Rc8 41.Kf3 h6 42.h4 hxg5  1/2-1/2

[Event "White Knights"]
[Site "Leningrad"]
[Date "1984.??.??"]
[Round "?"]
[White "Yermolinsky, Alex"]
[Black "Uhlmann, Wolfgang"]
[Result "1-0"]
[WhiteElo "2420"]
[BlackElo "2505"]

1.d4 Nf6 2.Bg5 Ne4 3.Bf4 c5 4.f3 Nf6 5.d5 Qb6 6.Bc1 g6 7.c4 Bg7 8.Nc3 O-O
9.Nh3 e5 10.e4 d6 11.Nf2 Nbd7 12.Be2 Nh5 13.g3 Qd8 14.O-O a6 15.Kh1 Kh8 16.Rb1 Qe8
17.b4 f5 18.Na4 cxb4 19.Rxb4 Qd8 20.Rb3 Rf7 21.Ba3 Bf8 22.exf5 gxf5 23.f4 Nhf6
24.Bb2 e4 25.g4 Qa5 26.g5 Qxa4 27.Bh5 Bg7 28.Bxf7 Ng8 29.Bxg8 Kxg8 30.Bxg7 Kxg7
31.Qd4+ Kg8 32.g6 hxg6 33.Rh3  1-0

[Event "Naleczow"]
[Site "Naleczow"]
[Date "1984.??.??"]
[Round "?"]
[White "Yuferov, Sergey  N"]
[Black "Stempin, Pawel"]
[Result "1-0"]
[WhiteElo "2430"]
[BlackElo "2415"]

1.d4 Nf6 2.Bg5 Ne4 3.Bf4 c5 4.f3 Nf6 5.d5 e6 6.Nc3 d6 7.e4 e5 8.Be3 Be7 9.Bb5+ Nbd7
10.a4 O-O 11.Nge2 Ne8 12.Qd2 g6 13.Bh6 Ng7 14.O-O Nf6 15.Ng3 Kh8 16.Kh1 Ng8
17.Be3 h5 18.Nge2 Nf6 19.a5 a6 20.Bd3 Nd7 21.Na4 f5 22.f4 Bf6 23.exf5 gxf5
24.fxe5 Bxe5 25.Bg5 Qe8 26.Nf4 Rb8 27.Rae1 b5 28.axb6 Kg8 29.b3 Nf6 30.Bxf6 Rxf6
31.Qe2 Qd8 32.Bxa6 Bd7 33.Bb5 Bxb5 34.Qxb5 Rh6 35.Nd3 Bf6 36.b4 c4 37.Nf4 Be5
38.Qxc4 Rc8 39.Qb3 h4  1-0

[Event "DEN-ch"]
[Site "Norresundby"]
[Date "1984.??.??"]
[Round "6"]
[White "Hoi, Carsten"]
[Black "Hansen, Curt"]
[Result "0-1"]
[WhiteElo "2400"]
[BlackElo "2485"]

1.d4 Nf6 2.Bg5 Ne4 3.Bh4 c5 4.f3 Nf6 5.d5 d6 6.e4 g6 7.Nd2 Bg7 8.Bd3 Nh5
9.Ne2 Bxb2 10.g4 Bf6 11.Bxf6 Nxf6 12.Ng3 h5 13.g5 h4 14.gxf6 hxg3 15.fxe7 Qxe7
16.Qe2 Nd7 17.O-O-O g2 18.Qxg2 Ne5 19.Be2 Bh3 20.Qg3 g5 21.Rhg1 f6 22.Bf1 Bd7
23.Rh1 Rh4 24.Bg2 O-O-O 25.Rdf1 Ng6 26.Rfg1 Nf4 27.Bf1 Qe5 28.Kb1 Qc3 29.Qf2 b5
30.Nb3 Re8 31.Qd2 Qxd2 32.Nxd2 Reh8 33.e5 fxe5 34.Ne4 Kc7 35.Rxg5 Nxd5 36.Rg7 c4
37.f4 Rxf4 38.Ng5 Rfh4 39.Bg2 Nc3+ 40.Kb2 Na4+ 41.Kc1 Rxh2 42.Ne6+ Kb6 43.Rd1 Bxe6
44.Rxd6+ Kc5 45.Rxe6 Kb4 46.Rxe5 Rf8 47.a3+ Kxa3 48.Rxb5 Rf2 49.Rbg5 c3 50.Kd1 Rd2+
51.Kc1 a5 52.Rg3 Rf2 53.Kd1 Nb2+ 54.Ke1 Rxc2 55.R7g5 Rhxg2 56.Rxg2 Nd3+  0-1

[Event "Rome-B"]
[Site "Rome"]
[Date "1984.??.??"]
[Round "7"]
[White "Skembris, Spyridon"]
[Black "Tassi, Oliviero"]
[Result "1-0"]
[WhiteElo "2385"]
[BlackElo "2270"]

1.d4 Nf6 2.Bg5 Ne4 3.Bh4 d5 4.Nd2 Bf5 5.f3 Nxd2 6.Qxd2 Nc6 7.e3 Qd7 8.Ne2 a6
9.g4 Bg6 10.Nf4 e5 11.dxe5 Nxe5 12.Be2 c6 13.O-O-O f6 14.Nxg6 Nxg6 15.Bg3 Bd6
16.e4 O-O-O 17.exd5 Bxg3 18.hxg3 Qxd5 19.Qxd5 Rxd5 20.Rxd5 cxd5 21.Bd3 Ne5
22.Bf5+ Kc7 23.f4 Nc4 24.b3 Ne3 25.Kd2 Nxf5 26.gxf5 h6 27.Re1 Kd7 28.Kd3 h5
29.Rh1 Rh6 30.Kd4 Kc6 31.a4 h4 32.gxh4 Rh5 33.Ke3 Rxf5 34.Rg1 Rh5 35.Rxg7 Rxh4
36.Rg6 Kc5 37.Rxf6 Rh3+ 38.Kd2 Rh2+ 39.Kc1 a5 40.Rf7 b5 41.axb5 Kxb5 42.f5 Rf2
43.f6 Kc5 44.Rf8 Kd6 45.Ra8 Rxf6 46.Ra6+ Ke5 47.Rxa5 Kd4 48.Kb2 Rf2 49.Ra8 Kc5
50.Ka3 Kb5 51.Rb8+ Kc6 52.c3 Kc7 53.Rh8 Kb6 54.Rh6+ Kc5 55.b4+ Kc4 56.Rc6+ Kd3
57.b5 d4 58.cxd4 Kxd4 59.Kb4 Kd5 60.Ka5 Ra2+ 61.Kb6 Rb2 62.Rc1 Rd2 63.Kc7 Rh2
64.b6 Rh7+ 65.Kb8 Kd6 66.b7 Rh3 67.Rc8 Ra3 68.Rd8+  1-0

[Event "URS-ch U20"]
[Site "Vilnius"]
[Date "1984.??.??"]
[Round "9"]
[White "Glek, Igor V"]
[Black "Kharitonov, Andrei Y"]
[Result "0-1"]
[WhiteElo "2395"]
[BlackElo "2455"]

1.d4 Nf6 2.Bg5 Ne4 3.Bh4 c5 4.d5 Qb6 5.Qc1 g5 6.Bg3 Bg7 7.c3 Qh6 8.Bxb8 Rxb8
9.Nd2 Nf6 10.e4 O-O 11.Bd3 d6 12.a4 e6 13.c4 Nd7 14.Ne2 Ne5 15.Ra3 f5 16.exf5 exf5
17.Nf3 Nxf3+ 18.gxf3 f4 19.Qc2 Bd7 20.Nc3 Rbe8+ 21.Kd1 g4 22.fxg4 Bxg4+ 23.Kc1 Bf3
24.Rf1 Bg2 25.Rd1 f3+ 26.Kb1 Qxh2 27.Nb5 Re7 28.Nxa7 Rfe8 29.Rb3 Ra8 30.Nc6 bxc6
31.dxc6 Rea7 32.Rb7 Rxa4 33.Qb3 Ra1+ 34.Kc2 Rxd1 35.Rxg7+ Kxg7 36.Qb7+ Kf6
37.Qxa8 Rxd3 38.Qf8+ Ke5 39.c7 Qh4 40.Qh8+ Ke4 41.Qa8+ Ke5 42.Qh8+ Ke4 43.Qa8+ d5
44.c8=Q Qxf2+ 45.Kb1 Qf1+ 46.Ka2 Ke3 47.cxd5 Qc1 48.Qaa6 Qc2 49.Qce6+ Kf2
50.d6 Rd4 51.Qb3 Qxb3+ 52.Kxb3 Kg1 53.Qa1+ Bf1 54.Qa7 Rd5 55.Qxh7 f2 56.Qb1 Rxd6
57.Qc1 c4+ 58.Kb4 Re6 59.Qg5+ Bg2 60.Qc5 Re4 61.Qa7 Rf4  0-1

[Event "Balatonbereny op"]
[Site "Balatonbereny"]
[Date "1985.??.??"]
[Round "2"]
[White "Cordara, Michele"]
[Black "Petrovic, Petar"]
[Result "1/2-1/2"]
[WhiteElo "2255"]
[BlackElo "2275"]

1.d4 Nf6 2.Bg5 Ne4 3.Bf4 c5 4.f3 Nf6 5.dxc5 Qa5+ 6.Nc3 Qxc5 7.e4 d6 8.Qd2 Be6
9.O-O-O Nbd7 10.Nge2 Rc8 11.Nd4 a6 12.Nxe6 fxe6 13.g3 b5 14.Be3 Qc6 15.Ne2 e5
16.Bh3 Kf7 17.Kb1 e6 18.Rhf1 Be7 19.Qd3 Rhd8 20.f4 Nc5 21.Bxc5 dxc5 22.Qf3 Qxe4
23.Qxe4 Rxd1+ 24.Rxd1 Nxe4 25.fxe5 Rd8 26.Rxd8 Bxd8 27.Nf4 Ng5 28.Bg2 h6
29.h4 Nh7 30.Bb7 a5 31.Ba6 b4 32.Kc1 g5 33.hxg5 Nxg5 34.Kd1 Bc7 35.Nd3 Nf3
36.Ke2 Nxe5 37.Nxc5 Nc6 38.Bc4 Bxg3 39.Bxe6+ Ke7 40.Bh3 Be5 41.Na4 h5 42.c3 Kd6
43.Kd3 Bg7 44.Kc4 bxc3 45.bxc3 Na7 46.Nc5 Kc6 47.Bg2+ Kb6 48.Nd7+ Kc7 49.Nc5 Kb6
50.Nd7+  1/2-1/2

[Event "Boeblingen op"]
[Site "Boeblingen"]
[Date "1985.??.??"]
[Round "?"]
[White "Fochtler, Ekkehard"]
[Black "Klundt, Klaus"]
[Result "1/2-1/2"]
[WhiteElo "2200"]
[BlackElo "2340"]

1.d4 Nf6 2.Bg5 Ne4 3.Bh4 c5 4.f3 Qa5+ 5.c3 g5 6.fxe4 gxh4 7.e3 Nc6 8.Nd2 cxd4
9.exd4 Bh6 10.Nc4 Qg5 11.Nh3 Qg6 12.Qf3 d6 13.Nf2 Rg8 14.Rg1 Qg5 15.Rd1 Bd7
16.g3 O-O-O 17.Nh3 Qg4 18.Qxg4 Bxg4 19.Rd3 f5 20.gxh4 fxe4 21.Rdg3 Be6 22.Ng5 Bxg5
23.hxg5 Rdf8 24.Bh3 Bxh3 25.Rxh3 Rg7 26.d5 b5 27.Nxd6+ exd6 28.dxc6 Kc7 29.Rh4 Re8
30.Rgg4 Kxc6 31.Rxe4  1/2-1/2